000 00542nmm a2200169Ia 4500
008 251105s9999||||xx |||||||||||||||||und||
041 _aspa
100 _aSanderson, Brandon
245 0 _aLos caballeros de Cristalia :
_b Alcatraz contra los Bibliotecarios Malvados 3
264 _a[Madrid, España] :
_bEdiciones B,
_c2016
300 _a262 páginas
650 _aTeen & Young Adult Fiction
700 _aSanderson, Brandon
700 1 _a Ramírez Tello, Pilar
856 _uhttps://public.digitaliapublishing.com/a/54381
942 _cCF
999 _c71105
_d71105